Places in Berkshire - sudden death - Statistics

General Stats
  • This quiz has been taken 44 times
  • The average score is 10 of 24
Answers on the Grid
Answers color-coded by a green-red scale on the quiz's grid according to % correct below.
Maidenhead
Reading
Legoland
Oxford
Hull
Windsor Castle
St. Paul's cathedral
Slough
Newbury
Bracknell
Heathrow Airport
Wokingham
Berkhamsted
Sandhurst
Woking
Windsor
BP headquarters
Sunningdale
Eton
Princess Kate's birthplace
Davie
Ruislip
Egham
O2 headquarters
Binfield
Edward V's birthplace
Ascot
Centrica head office
Ickenham
Chertsey
Twyford
Staines
Bourne End
Sunningdale Golf Club
Uxbridge
A 1,000-foot hill
Mestalla Stadium
Virginia Water
Virgin Media HQ
Middlesex's cricket ground
Bagshot
Wentworth
Hungerford
West Drayton
Esher
Englefield Green
Woodley
An FA Cup-winning club
 
Answer Stats
Answer % Correct
Reading
92%
Maidenhead
88%
Bracknell
77%
Newbury
77%
Windsor
77%
Windsor Castle
73%
Legoland
69%
Slough
65%
Eton
58%
Wokingham
54%
Twyford
46%
Ascot
42%
Sandhurst
42%
Hungerford
31%
Reading Princess Kate's birthplace
31%
Binfield
19%
Sunningdale Golf Club
19%
Old Etonians F.C. An FA Cup-winning club
15%
Sunningdale
15%
Wokingham Woodley
15%
WIndsor Centrica head office
12%
O2 headquarters
12%
Windsor Edward V's birthplace
8%
Reading Virgin Media HQ
4%
No matching quizzes found
Score Distribution
Percent of People with Each Score
Percentile by Number Answered
Your Score History
You have not taken this quiz